000 00651nam a22001695i 4500
001 158720
003 ES-MaACL
005 20230906211301.0
008 040903s1893 sp |||| | spa d
040 _aCAM
_bspa
_cCAM
100 1 _aMarenco y Amigueti, Francisco.
_9129477
245 1 3 _aEl raspado-uterino
_b: memoria presentada en el ejercicio del doctorado /
_cpor Francisco Marenco y Amigueti.
260 _aCádiz :
_b[s.n.],
_c1893 (
_fImprenta de Rodríguez hermanos)
300 _a20 p. ;
_c21 cm.
650 4 _aGinecología.
_913119
852 _aES-MaACL
_jT-1049-F-4
_z-- Enc. hol. conservando la cub. original
_z-- Enc. en un vol. facticio
999 _c158720
_d158720